INTERNET: manual de referencia
محفوظ في:
| المؤلفون الرئيسيون: | , |
|---|---|
| التنسيق: | كتاب |
| اللغة: | الإسبانية |
| منشور في: |
Madrid
Osborne-McGraw-Hill
1994
|
| الموضوعات: | |
| الوسوم: |
إضافة وسم
لا توجد وسوم, كن أول من يضع وسما على هذه التسجيلة!
|
MARC
| LEADER | 00000nam a2200000 a 4500 | ||
|---|---|---|---|
| 001 | UCY5516 | ||
| 003 | CL-VaPUC | ||
| 008 | 950511e19940000SP |||||||||||||||||spa|d | ||
| 082 | 0 | 4 | |a 004.6 |b HAH |2 21 |
| 100 | |a Hahn, Harley |e author |9 471529 | ||
| 700 | 0 | |a Stout, Rick |e author |9 334356 | |
| 245 | 1 | 0 | |a INTERNET: manual de referencia |
| 300 | |a 692 p | ||
| 942 | |c BK | ||
| 945 | |d 19950511 00:00:00 |a awong | ||
| 260 | |a Madrid |b Osborne-McGraw-Hill |c 1994 | ||
| 650 | 0 | |a Internet |9 254823 | |
| 650 | 0 | |a Redes de información |9 230208 | |
| 650 | 0 | |a Redes de computadores |9 263293 | |
| 583 | |a last modification |c 19950511 00:00:00 |k Rodrigo Vera | ||
| 999 | |c 233169 |d 233167 | ||
| 952 | |0 0 |1 0 |4 0 |6 004_600000000000000_HAH_1994 |7 0 |8 F |9 238442 |a BIBING |b BIBING |d 2019-11-18 |i 310818K |o 004.6 HAH 1994 |p 310818K |r 2025-01-20 |w 2019-11-18 |y BK_F |k CCL | ||